Gminy w powiecie Dąbrowskim. - Statystyki

Ogólne statystyki
  • Ten quiz został rozwiązany 10 razy
  • Średni wynik to 5 z 7
Statystyki odpowiedzi
Typ gminy Odpowiedź % Poprawnych
. Miejsko-Wiejska Szczucin
100%
. Miejsko-Wiejska Dąbrowa tarnowska
88%
. Wiejska Olesno
88%
. Wiejska Mędrzechów
75%
. Wiejska Bolesław
63%
. Wiejska Gręboszów
63%
. Wiejska Radgoszcz
50%
Nie znaleziono quizów pasujących do podanych kryteriów
Rozkład punktacji
Procent ludzi z każdym wynikiem
Percentyl według liczby udzielonych odpowiedzi
Twoja historia wyników
Nie rozwiązałeś tego quizu